Quizzes
Events
Quiz Creation
Community
Videos
Private Events
Remove Ads
Sign In
Join for FREE
Feedback
Dark Mode
Quiz Categories
Sports
Geography
Music
Movies
Television
Just For Fun
Miscellaneous
History
Literature
Language
Science
Gaming
Entertainment
Religion
Holiday
For Kids
Quiz Lab
Recent
Popular Today
Quiz Kudos Today
Editor Picks
Curator Picks
Quizzes by...
Day
Popularity
Type
Ratings
Length
Year
Community
Subscriptions
Recent Discussions
Orange Saloon
Badges
Playlists
Quests
Create
Leaderboards
Showdown
Live 5
Trivia Bingo
Activity
Puzzle Library
Sporcle Events
Private Events
Virtual Trivia
Globe League
Become a Host
Pub Owners
SporcleCon
Opinionation
Our Games
Videos
Blog
Mobile Apps
Partnerships
Remove Ads and Go Orange
Feedback
History
US Presidents
World Leaders
Politics
Nation
Discovery
War
Decade
Year
Century
Biography
Art
History
US Presidents
World Leaders
Politics
Nation
Discovery
War
Decade
Year
Century
Biography
Art
Random Quiz
Search Sporcle
×
Quiz Lab
Quiz Lab
History
Revolution
Type in answers that appear in a list
Type in answers that appear in a list
Classic
Best Score? Go Orange.
Revolutionary Review Stats
Can you name the revolution?
By
saminnnn
15m
31 Questions
13 Plays
13 Plays
13 Plays
Comments
Comments
Give Quiz Kudos
Give Quiz Kudos
-
- Ratings
hide this ad
Replay
Link that replays current quiz
Next Quiz
Link to next quiz in quiz playlist
You Got
0%
They Got
Avg Score
26%
Avg Friend Score
Upgrade to see
Score Distribution
Jump to the score distribution portion of the page
Score
0/31
Timer
15:00
0
Plays Today
Hint
Answer
% Correct
The First Schleswig War The last Emperor of Russia, _
_
_
_
_
_
_
_
_
, abdicated after he realized that the army could not suppress revolution (1917 was a conflict over who would control
Nicholas II
92.3%
The Storming of the _
_
_
_
_
was a symbol of a hatred towards the Old Regime in France (1789)
Bastille
61.5%
Louis Kossuth led revolutions in _
_
_
_
_
_
_
that later grew into a war for independence from the Austrian Empire (1848)
Hungary
53.8%
Between 1821 and 1832: Russia, the United Kingdom, France, and other European powers assisted _
_
_
_
_
in a war for independence from the Ottomans
Greece
53.8%
The _
_
_
_
_
_
_
_
_
_
_
_
_
_
_
was an oath signed by members from the Third Estate who were locked out of the Estates-
General (1789)
Tennis Court Oath
46.2%
The _
_
_
_
_
_
Revolution resulted in the overthrow of King James II of England (1688-
1689)
Glorious
46.2%
The Paris Commune was a revolutionary and _
_
_
_
_
_
government that ruled Paris in 1871
Socialist
46.2%
The French King assassinated in 1792, _
_
_
_
_
_
_
_
_
Louis XVI
46.2%
In 1917-
1921, _
_
_
_
_
_
fought a war of Independence that resulted in the development of a republic that was later a part of the Soviet Union
Ukraine
46.2%
The Bolsheviks were led by _
_
_
_
_
_
_
_
_
_
_
(1903)
Vladimir Lenin
46.2%
The _
_
_
_
_
_
_
Revolution took place between 1765 and 1783
American
38.5%
The English Revolution (1642-
1660) was a civil war between _
_
_
_
_
and the King
Parliament
38.5%
In 1798 the people of _
_
_
_
_
led uprisings against British Rule
Ireland
30.8%
The Reign of Terror was unleashed by _
_
_
_
_
_
_
_
_
_
_
_
_
and the Jacobins (1793-
1794)
Maximilien Robespierre
23.1%
Unarmed demonstrators marching to present a petition to Tsar Nicholas II were shot at by the Imperial Guard in and event known as _
_
_
_
_
_
_
_
_
_
_
_
(1905)
Bloody Sunday
23.1%
The Congress of _
_
_
_
in Prague was the first pan-
slavic congress, it called for national equality (1848)
Slavs
23.1%
Hint
Answer
% Correct
Led to the end of the Orleans Monarchy and the creation of the French Second Republic (also known as February Revolution) _
_
_
_
_
_
_
_
_
_
_
_
_
_
_
_
(1848)
French Revolution
23.1%
In 1859 the second _
_
_
_
_
War of Independence was fought by the Second French Empire and the Kingdom of Sardinia
Italian
23.1%
The _
_
_
_
Revolution in 1830 resulted in the overthrow of King Charles X
July
15.4%
The First Schleswig War was a conflict over who would control the Duchies of Schleswig and _
_
_
_
_
_
in Southern Denmark (1848-
1851)
Holstein
15.4%
In March 1917, the _
_
_
_
took control of Russia, forming the Russian Provisional Government
Duma
7.7%
Protestant leaders of Bohemia preferred _
_
_
_
_
_
_
over Ferdinand II, resulting in the Bohemian Revolts (1618-
1621)
Frederick V
7.7%
Charlotte Corday assassinated this dramatic journalist (1793)
Jean-Paul Marat
7.7%
Victor Hugo describes this anti-
monarchist rebellion in his novel Les Miserables, the _
_
_
_
_
_
_
_
_
_
_
_
(1832)
June Rebellion
7.7%
Polish officers led by lieutenant Piotr Wysocki and Polish society partook in an armed rebellion, now called the _
_
_
_
_
_
_
_
_
_
_
_
_
_
_
(1830-
1831)
November Uprising
0%
100,000 poorly armed peasants and farmers were slaughtered in the _
_
_
_
_
_
_
_
_
_
_
_
_
_
_
_
_
of 1524-
1525
German Peasants’ War
0%
In March 1848, King _
_
_
_
_
_
_
_
_
_
_
_
_
_
_
_
promised to merge Prussia with Germany after crowds of people gathered in Berlin demanding parliamentary elections and a new constitution
Frederick William IV
0%
The Streltsy, or _
_
_
_
_
_
Uprising of 1682
Moscow
0%
The Belgian Revolution began with a dislike of the despotic_
_
_
_
_
_
_
_
_
_
_
_
_
, high levels of unemployment, and industrial unrest (1830-
1831)
King William I
0%
The series of revolts that took place in Russia after Catherine II took power in 1773-
1775 (the largest peasant revolt in Russia’s history) _
_
_
_
_
_
_
_
_
_
_
_
_
_
_
_
Pugachev’s Rebellion
0%
The _
_
_
_
_
Uprising was an uprising in the Polish-
Lithuanian Commonwealth against the Russian Empire (1863-
1865)
January
0%
Quiz Playlist
Details
Report
Send in Message
Add To Playlist
Classic:
Type in answers that appear in a list
Last Updated: Feb 16, 2017
Quiz Scoreboard
CHALLENGE
Sign Up to Join the Scoreboard
Show All
Scores
Hide
Comments
May contain spoilers
Recently Published
An Introduction to Baseball
by treessimontrees
Sports
5m
Movies - When Are They Set?
by FPL_Elf
Movies
5m
Popular People in 1961
by mucciniale
History
6m
More to Explore
Quiz From the Vault
Featured Blog Post
Where Did the Easter Bunny Come From?
hide this ad
You Might Also Like...
Tags
Revolution
Today's Top Quizzes in History
Browse History
hide this ad
Today's Top Quizzes in Revolution
Browse Revolution
Top Contributed Quizzes in History
1
Popular People in 1991
2
Popular People in 1981
3
Popular People in 1951
4
Popular People in 1941
5
Popular People in 1986
6
Popular People in 1976
7
Popular People in 1921
8
I Am Born On March 28th
9
Popular People in 1946
10
Popular People in 1936
Explore More
Trending Topics
Kpop
Crossword
Marvel
Anime
NBA
Harry Potter
Disney
Soccer
The Office
Puzzle
WWE
Pokémon
Country
NFL
Song
hide this ad
More By:
saminnnn
Quiz
Plays
Rating
Category
Featured
Created
Revolutionary Review
13
History
May 1, 2014
Go to Creator's Profile
Score Distribution
Quiz Creator Spotlight
saminnnn
Follow
Send a Message
Quizzes Created
-
Created Quiz Play Count
-
More By This Creator
Popular Quizzes Today
1
Find the Countries of Europe - No Outlines Minefield
2
Find the US States - No Outlines Minefield
3
The Countries of the World
4
Popular People in 1961
5
Find the US States
6
US States
7
1-10 Letter E Words III
8
Risky Map Clicking: Biggest States A-Z
More History Quizzes
On This Day: May 6th II
Published
Trending Quizzes
Risky Map Clicking: Least Populous States A-Z
1-10 Letter F Words
1-10 Letter G Words
Not Quite an Element Typing Challenge
One Thing in Common: United Kingdom
Recently Updated
Leaping Animals
pecheneg
Reality TV Shows (A-Z)
bhenderson79
Rickey Henderson's Hall of Fame Teammates
pecheneg
Champions League XIs: Arsenal
pecheneg
Quick Pick: Celebrities in WWE's Hall of Fame
aduchscher
A-Z Keypad Blitz II
pecheneg
Multiple Oscar Actors
pecheneg
Mystery Phrase Blitz: Oscar 'Best Actors'
pecheneg
F. Scott Fitzgerald Novels
LTH
Pick 3 Villains
ddd62291
Trending Topics
Disney
Anime
Harry Potter
Crossword
Kpop
NBA
Marvel
The Office
Country
Soccer
Song
Pokémon
WWE
NFL
Puzzle
Your Account Isn't Verified!
In order to create a playlist on Sporcle, you need to verify the email address you used during registration. Go to your
Sporcle Settings
to finish the process.
Report this User
Report this user for behavior that violates our
Community Guidelines
.
Details:
Send Report
Go to the Sporcle.com Mobile Site →
Comments